000 00592nam a2200169 i 4500
001 36944
003 ES-MaACL
005 20230906155456.0
007 t|
008 030219s1955 sp ||||1| cat d
100 1 _aBru y Borrás, F. Mario.
_932049
245 1 0 _aFulls di historia de la vila de Tivissa i del seu territori antic
_b: obra póstuma revisada i addicionada /
_cper F. Mario Bru y Borrás.
260 _a[Tarragona] :
_bAymá,
_c1955 (
_fTorres y Virgili)
300 _a386 p., XVI lám. ;
_c24 cm.
651 4 _aTivissa-
_xHistoria.
_9170120
852 _aES-MaACL
_jC-9477
_bR.37471
999 _c36944
_d36944